Estudio de la remoción orgánica por los procesos de coagulación mejorada y filtración con carbón activado
El presente estudio consistió en determinar la influencia de la aplicación de coagulación mejorada, doble coagulación con quitosana y filtración con carbón activado en la remoción de materia orgánica usando agua sintética con tres diferentes concentraciones de acido húmico, los resultados...
| Main Author: | |
|---|---|
| Other Authors: | |
| Format: | Tesis Section = Libro |
| Language: | Undetermined Spanish |
| Published: |
Managua
UNI
2009
|
| Subjects: |
| LEADER | 01361nam a2200241Ia 4500 | ||
|---|---|---|---|
| 008 | 240830s9999 xx 000 0 und d | ||
| 040 | |a CEDOC DACA-RUSB / Mon 662.93 L864 | ||
| 041 | |a spa | ||
| 082 | |a Mon 662.93 L864 | ||
| 100 | 1 | |a López Mendoza, Xochil Arianna | |
| 245 | 1 | 0 | |a Estudio de la remoción orgánica por los procesos de coagulación mejorada y filtración con carbón activado |
| 260 | |a Managua |b UNI |c 2009 | ||
| 300 | |a 96 p. :il | ||
| 502 | |a Tesis (Ingeniero Químico) -UNI, 2009. | ||
| 520 | 3 | |a El presente estudio consistió en determinar la influencia de la aplicación de coagulación mejorada, doble coagulación con quitosana y filtración con carbón activado en la remoción de materia orgánica usando agua sintética con tres diferentes concentraciones de acido húmico, los resultados demuestran que esta combinación de tratamiento es eficiente en la remoción del material orgánico del tipo disuelto, ya que alcanzan remociones del 100 por ciento en el color, carbono orgánico disuelto y abs | |
| 650 | 7 | |a CARBÓN ACTIVADO - AGUA POTABLE | |
| 650 | 7 | |b COAGULACIÓN - FLOCULACIÓN Y SEDIMENTACIÓN. | |
| 650 | 7 | |c PROCESO DE TRATAMIENTO DE AGUA. | |
| 650 | 7 | |d PURIFICACIÓN DEL AGUA DE ALIMENTACIÓN | |
| 700 | 1 | |a Tutor: |b García Granados, Indiana | |
| 942 | |c BK |2 ddc | ||
| 991 | |a TESIS | ||
| 999 | |c 26040 | ||